000 00584nam a2200169Ia 4500
008 090711s9999 xx 000 0 und d
082 _b1172
100 _aमराठे रमा र.
245 _aस्वभावाला औषध आहे
260 _bमहेता पब्लिकेशन हाऊस
_c2000
300 _a135
600 _aमराठे रमा र.
630 _aस्वभावाला औषध आहे
700 _aमराठे रमा र.
730 _aस्वभावाला औषध आहे
942 _cBOOK
999 _c338179
_d338179